Investičné bubliny a ich vplyv na vývoj ekonomík
Pokračovanie príspevku z predchádzajúceho čísla. Japonská akciová a realitná bublina (1986 – 1991). Príčiny vzniku. Vývoj hodnoty japonského indexu Nikkei 225. Spľasnutie bubliny. Vývoj vybraných ekonomických ukazovateľov Japonska.
Gespeichert in:
| 1. Verfasser: | |
|---|---|
| Format: | Buchkapitel |
| Sprache: | Slowakisch |
| Schlagworte: | |
| Tags: |
Keine Tags, Fügen Sie das erste Tag hinzu!
|
MARC
| LEADER | 00000nla a2200000 4500 | ||
|---|---|---|---|
| 001 | 0164071 | ||
| 005 | 20231121083442.1 | ||
| 041 | 0 | |a slo | |
| 044 | |a SK | ||
| 245 | 1 | 0 | |a Investičné bubliny a ich vplyv na vývoj ekonomík |c Adrián Mrva |
| 520 | |a Pokračovanie príspevku z predchádzajúceho čísla. Japonská akciová a realitná bublina (1986 – 1991). Príčiny vzniku. Vývoj hodnoty japonského indexu Nikkei 225. Spľasnutie bubliny. Vývoj vybraných ekonomických ukazovateľov Japonska. | ||
| 610 | 2 | 0 | |a bubliny finančné |
| 610 | 2 | 0 | |a Japonsko |
| 610 | 2 | 0 | |a ukazovatele ekonomické |
| 610 | 2 | 0 | |a kríza finančná |
| 610 | 2 | 0 | |a indexy burzové |
| 610 | 2 | 0 | |a indexy akciové |
| 100 | 1 | |a Mrva, Adrián | |